Product liability: confusion in Europe 1992.

Nejasnosti okolo právnej zodpovednosti za následky použitia výrobku v súvislosti so zjednocovaním Európy. Interpretácia sporných miest v Smernici Rady ES z r. 1985 o právnej zodpovednosti za výrobky.

Gespeichert in:
Bibliographische Detailangaben
1. Verfasser: Reinsch, R.W
Weitere Verfasser: De Vito, R.
Format: Buchkapitel
Sprache:Englisch
Schlagworte:
Tags: Tag hinzufügen
Keine Tags, Fügen Sie das erste Tag hinzu!

MARC

LEADER 00000naa a2200000 4500
001 r006684
005 20221130103649.5
041 0 |a eng 
044 |a DE 
245 1 0 |a Product liability: confusion in Europe 1992.  |c R.W. Reinsch, R. De Vito 
520 |a Nejasnosti okolo právnej zodpovednosti za následky použitia výrobku v súvislosti so zjednocovaním Európy. Interpretácia sporných miest v Smernici Rady ES z r. 1985 o právnej zodpovednosti za výrobky. 
610 2 0 |a právo obchodné 
610 2 0 |a zodpovednosť právna 
610 2 0 |a Európske spoločenstvá 
610 2 0 |a výrobky 
100 1 |a Reinsch, R.W. 
700 1 |a De Vito, R.